000 00334nam a2200145Ia 4500
003 OSt
005 20231215065124.0
008 170524s9999 xx 000 0 und d
020 _a9788184350043
040 _cIIMT UNIVERSITY
100 _aYADAV- K.P
245 0 _aMEDIA MANAGEMENT
260 _bNew Delhi : Adhiyaya
942 _2ddc
_c01
999 _c9455
_d9455